| Tag |
First Indicator |
Second Indicator |
Subfields |
| LEADER |
00000cam a2200000 4500 |
| 001 |
in00000336347 |
| 005 |
20151011055111.0 |
| 008 |
750225s1950 nyua b 00100 eng |
| 010 |
|
|
|a 50005271
|
| 035 |
|
|
|a (OCoLC)01187721
|
| 035 |
|
|
|9 ABM2172AM
|
| 040 |
|
|
|c NYG
|d TXA
|d UtOrBLW
|
| 049 |
|
|
|a TXAM
|c [183948]
|
| 050 |
0 |
0 |
|a QP190
|b .B3 1950
|
| 082 |
0 |
|
|a 612.3
|
| 100 |
1 |
|
|a Babkin, B. P.
|q (Boris Petrovich),
|d 1877-1950.
|
| 245 |
1 |
0 |
|a Secretory mechanism of the digestive glands.
|
| 250 |
|
|
|a 2d ed., rev.and enl.
|
| 264 |
|
1 |
|a New York :
|b P. B. Hoeber,
|c [1950]
|
| 300 |
|
|
|a xxi, 1027 pages :
|b illustrations ;
|c 25 cm.
|
| 336 |
|
|
|a text
|b txt
|2 rdacontent
|
| 337 |
|
|
|a unmediated
|b n
|2 rdamedia
|
| 338 |
|
|
|a volume
|b nc
|2 rdacarrier
|
| 504 |
|
|
|a Bibliography: pages 889-989.
|
| 650 |
|
0 |
|a Secretion.
|
| 650 |
|
0 |
|a Digestive organs.
|
| 999 |
|
|
|a MARS
|
| 999 |
f |
f |
|s a80db5da-a6d8-34d5-adfb-43d57f18bd25
|i 51ab37c7-5e27-35c2-a52a-cfae241dba6c
|t 0
|
| 952 |
f |
f |
|p ric
|a Texas A&M University
|b Rellis Campus
|c Joint Library Facility
|d Remote Storage
|t 0
|e QP190 .B3 1950
|h Library of Congress classification
|i unmediated -- volume
|m A14805003822
|
| 998 |
f |
f |
|a QP190 .B3 1950
|t 0
|l Remote Storage
|